| 000 | 004090000a22001570004500 | ||
|---|---|---|---|
| 003 | MACL | ||
| 005 | 20180106131556.0 | ||
| 008 | 180106b xxu||||| |||| 00| 0 eng d | ||
| 040 | _cMACL | ||
| 100 |
_aमो. साजिद खान _969941 |
||
| 245 | _aअपना मुकाम | ||
| 260 |
_bNBT _c2002 |
||
| 350 | _a5 | ||
| 650 |
_aचिल्ड्रन _969942 |
||
| 942 |
_cHIN _k741.642 _2ddc |
||
| 999 |
_c10829 _d10829 |
||